Biblioteca "Ernesto Sabato"
Facultad de Derecho y Ciencias Sociales
Facultad de Lenguas
Universidad Nacional del Comahue

De golondrinas y otros migrantes (Record no. 36580)

MARC details
000 -CABECERA
campo de control de longitud fija 00776nam a22002417a 4500
003 - IDENTIFICADOR DEL NÚMERO DE CONTROL
campo de control OSt
005 - FECHA Y HORA DE LA ÚLTIMA TRANSACCIÓN
campo de control 20251028103419.0
008 - DATOS DE LONGITUD FIJA--INFORMACIÓN GENERAL
campo de control de longitud fija 251028b ||||| |||| 00| 0 spa d
020 ## - ISBN
Número Internacional Estándar del Libro 987-9028-19-8
040 ## - FUENTE DE LA CATALOGACIÓN
Centro/agencia transcriptor Biblioteca Ernesto Sábato
092 ## - SIGNATURA TOPOGRÁFICA
Número de clasificación 331.544
Libristica B457
Sector BMB
100 ## - Autor Personal
Nombre de persona Bendini, Mónica Isabel, coord.
245 ## - MENCIÓN DE TÍTULO
Título De golondrinas y otros migrantes
Resto del título : trabajo rural y movilidad espacial en el norte de la Patagonia argentina y regiones chilenas del centro-sur
260 ## - PUBLICACIÓN, DISTRIBUCIÓN, ETC. (PIE DE IMPRENTA)
Lugar de publicación, distribución, etc. Buenos Aires
Nombre del editor, distribuidor, etc. La Colmena
Fecha de publicación, distribución, etc. 1999
300 ## - DESCRIPCIÓN FÍSICA
Paginas 154 p.
440 ## - MENCIÓN DE SERIE/PUNTO DE ACCESO ADICIONAL--TÍTULO
Título Cuadernos del GESA
Número de parte o sección de la obra ; 3
650 ## - Descriptores Tematicos
Término de materia o nombre geográfico como elemento inicial MIGRACIÓN INTERNA
650 ## - Descriptores Tematicos
Término de materia o nombre geográfico como elemento inicial ARGENTINA
650 ## - Descriptores Tematicos
Término de materia o nombre geográfico como elemento inicial RURALIDAD
650 ## - Descriptores Tematicos
Término de materia o nombre geográfico como elemento inicial TRABAJADOR GOLONDRINA
700 ## - Coautores y traductores
Nombre de persona Martha Mabel Radonich, coord.
942 ## - ELEMENTOS DE PUNTO DE ACCESO ADICIONAL (KOHA)
Fuente del sistema de clasificación o colocación Dewey Decimal Classification
Tipo de ítem Koha BMB
Holdings
Estado de retiro Estado de pérdida Fuente del sistema de clasificación o colocación Estado dañado No para préstamo Localización permanente Ubicación/localización actual Fecha de adquisición Número de inventario Total de préstamos Signatura topográfica completa Código de barras Fecha visto por última vez Precio válido a partir de Tipo de ítem Koha
    Dewey Decimal Classification     Biblioteca Ernesto Sabato - FADECS - UNCOMA Biblioteca Ernesto Sabato - FADECS - UNCOMA 28/10/2025 27006   331.544 B457 27006 28/10/2025 28/10/2025 BMB
    Dewey Decimal Classification     Biblioteca Ernesto Sabato - FADECS - UNCOMA Biblioteca Ernesto Sabato - FADECS - UNCOMA 28/10/2025 27007   331.544 B457 27007 28/10/2025 28/10/2025 BMB
    Dewey Decimal Classification     Biblioteca Ernesto Sabato - FADECS - UNCOMA Biblioteca Ernesto Sabato - FADECS - UNCOMA 28/10/2025 27008   331.544 B457 27008 28/10/2025 28/10/2025 BMB
Facultad de Derecho y Ciencias Sociales | Universidad Nacional del Comahue | Mendoza y Perú General Roca | Río Negro CP (8332) | Patagonia Argentina | Teléfono: 54-0298-4433670 | | Fax: 0298-4432093 | Fax alumnos: 0298-4435700